Využívanie Quick Response kódov v cestovnom ruchu bakalárska práca

Na minha lista:
Detalhes bibliográficos
Autor principal: Zvarová, Júlia
Autor Corporativo: Obchodná fakulta EU. Katedra tovaroznalectva a kvality tovaru
Outros Autores: Košútová, Tatiana, 1962-
Formato: Livro
Idioma:eslovaco
Publicado em: Bratislava 2018
Tags: Adicionar Tag
Sem tags, seja o primeiro a adicionar uma tag!

MARC

LEADER 00000nbm a2200000 4500
001 0245039
005 20180911145453.0
041 0 |a slo 
044 |a SK 
245 1 0 |a Využívanie Quick Response kódov v cestovnom ruchu  |b bakalárska práca  |c Júlia Zvarová ; školiteľ: Tatiana Košútová 
264 1 |a Bratislava  |c 2018 
300 |a 50 s. 
100 1 |a Zvarová, Júlia 
700 1 |a Košútová, Tatiana, 1962- 
710 2 |a Obchodná fakulta EU. Katedra tovaroznalectva a kvality tovaru